Shapps promise to landlords (Record no. 82417)
[ view plain ]
| 000 -LEADER | |
|---|---|
| fixed length control field | 01267cad a22002175a 4500 |
| 001 - CONTROL NUMBER | |
| control field | L150198 |
| 008 - FIXED-LENGTH DATA ELEMENTS--GENERAL INFORMATION | |
| fixed length control field | 100611e20100610xxk 000 0 eng d |
| 035 ## - SYSTEM CONTROL NUMBER | |
| System control number | (Sirsi) u150198 |
| 041 0# - LANGUAGE CODE | |
| Language code of text/sound track or separate title | eng |
| 110 2# - MAIN ENTRY--CORPORATE NAME | |
| Corporate name or jurisdiction name as entry element | United Kingdom |
| Subordinate unit | Department for Communities and Local Government |
| 9 (RLIN) | 4939 |
| 245 00 - TITLE STATEMENT | |
| Title | Shapps promise to landlords |
| Remainder of title | no more red tape |
| Medium | [electronic resource] |
| 260 ## - PUBLICATION, DISTRIBUTION, ETC. | |
| Date of publication, distribution, etc. | 2010 |
| 490 ## - SERIES STATEMENT | |
| Series statement | Department for Communities and Local Government News Release |
| Volume/sequential designation | 10 June 2010 |
| 520 ## - SUMMARY, ETC. | |
| Summary, etc. | Housing Minister Grant Shapps confirmed the Liberal Conservative Government has dropped plans for proposed regulation of the private rented sector. Annual rental threshold for assured and assured shorthold tenancies will increase from the current level of £25 000 to £100 000 from 1 October 2010. The increase will apply to all existing and new tenancies. "Assured Tenancies (Amendment) (England) Order 2010" brings the change into effect. |
| 590 ## - LOCAL NOTE (RLIN) | |
| Local note | KA NTK |
| 650 24 - SUBJECT ADDED ENTRY--TOPICAL TERM | |
| Topical term or geographic name entry element | ASSURED TENANCIES (AMENDMENT) (ENGLAND) ORDER 2010 |
| 651 #4 - SUBJECT ADDED ENTRY--GEOGRAPHIC NAME | |
| Geographic name | ENGLAND AND WALES |
| 690 ## - LOCAL SUBJECT ADDED ENTRY--TOPICAL TERM (OCLC, RLIN) | |
| Topical term or geographic name as entry element | PROPERTY-RESIDENTIAL PROPERTY-RESIDENTIAL LANDLORD AND TENANT |
| 856 48 - ELECTRONIC LOCATION AND ACCESS | |
| Uniform Resource Identifier | <a href="https://www.communities.gov.uk/news/newsroom/1612019">https://www.communities.gov.uk/news/newsroom/1612019</a> |
| Public note | View this item free of charge at www.communities.gov.uk |
| 942 ## - ADDED ENTRY ELEMENTS (KOHA) | |
| Suppress in OPAC | 0 |
| Withdrawn status | Lost status | Source of classification or shelving scheme | Damaged status | Not for loan | Home library | Current library | Shelving location | Date acquired | Total Checkouts | Full call number | Barcode | Date last seen | Copy number | Price effective from | Koha item type |
|---|---|---|---|---|---|---|---|---|---|---|---|---|---|---|---|
| Dewey Decimal Classification | Virtual | Virtual | Online | 11/06/2010 | ONLINE PUBLICATION | 150198-2001 | 06/08/2019 | 1 | 06/08/2019 | Journal article |